An estimation of dynamics of costs of Ukraine in the conditions of development of competitive economy

Guardado en:
Detalles Bibliográficos
Autor principal: Jurkovičová, Lujza
Otros Autores: Shelest, Svitlana, Popovich, Violeta
Formato: Capítulo de libro
Lenguaje:inglés
Materias:
Etiquetas: Agregar Etiqueta
Sin Etiquetas, Sea el primero en etiquetar este registro!

MARC

LEADER 00000naa a2200000 4500
001 0172114
005 20240502072942.4
041 0 |a eng 
044 |a SK 
245 1 0 |a An estimation of dynamics of costs of Ukraine in the conditions of development of competitive economy  |c Lujza Jurkovičová, Svitlana Shelest, Violeta Popovich 
610 2 0 |a makroekonomika 
610 2 0 |a produkt domáci hrubý 
610 2 0 |a inflácia 
610 2 0 |a peniaze 
610 2 0 |a financie 
610 2 0 |a obrat peňažný 
610 2 0 |a mzdy reálne 
610 2 0 |a ceny 
610 2 0 |a Ukrajina 
100 1 |a Jurkovičová, Lujza 
700 1 |a Shelest, Svitlana 
700 1 |a Popovich, Violeta